| 000 | 01103nam a22002291a 4500 | ||
|---|---|---|---|
| 999 |
_c10107 _d10107 |
||
| 001 | 10107 | ||
| 003 | OSt | ||
| 005 | 20260204212146.0 | ||
| 008 | 070903s2006||||dr ||||||b||||||||||spa|| | ||
| 090 | _aESP-GCE 2006 R67 | ||
| 100 | 1 |
_aRosario Bourdierd, Noemy Yvelisse _esustentante |
|
| 245 | 1 | _aInstalación de una biblioteca en la escuela Proyecto Agrario, distrito educativo 16-02 Fantino / Noemy Yvelisse Rosario Bourdierd, María de los Reyes Suero Suero ; asesor Antonio Rosario Gómez. | |
| 260 |
_aCotuí, República Dominicana : _bUTECO, _c2006 |
||
| 502 | _aTesis ( Especialidad en Planificación y Gestión de Centros Educativos)--Universidad Tecnológica del Cibao Oriental, 2006. | ||
| 504 | _aincluye referencia bibliográfica e índice | ||
| 650 | 4 | _aInstalación de una biblioteca en la escuela | |
| 700 | 1 |
_aRosario Bourdierd, Noemy Yvelisse _esustentante |
|
| 700 | 1 |
_aSuero Suero, María de los Reyes _esustentante |
|
| 700 | 1 |
_aGómez, Antonio Rosario _easesor |
|
| 830 | _aTesis y disertaciones académicas (Universidad Tecnológica del Cibao Oriental) | ||
| 942 |
_2LC _cTH |
||